Kader: Iserlohn Roosters 24/25 - Statistiken

Allgemein
  • Dieses Quiz wurde 22 mal gespielt
    18 seit der letzten Aktualisierung
  • Das Durchschnittsergebnis liegt bei 21 aus 25
Antwortstatistiken
# Position Nationalität Spielername % Korrekt
92 G GER Andreas Jenike
100%
79 V GER Colin Ugbekile
100%
32 G GER Hendrik Hane
100%
10 C / RW CAN Tyler Boland
100%
18 C / RW CAN Eric Cornel
93%
35 G GER Finn Becker
93%
91 LW / C CAN Michael Dal Colle
93%
52 RW GER Sven Ziegler
93%
2 V USA Zach Osburn
93%
16 V CAN Hubert Labrie
86%
12 C / RW GER/POL Maciej Rutkowski
86%
90 C / LW GER Taro Jentzsch
86%
36 V CAN Brandon Gormley
79%
41 C CAN Brayden Burke
79%
77 V CAN/GER Colton Jobke
79%
17 V GER Emil Quaas
79%
22 F GER John Broda
79%
14 F GER Noel Saffran
79%
9 C / LW USA Shane Gersich
79%
67 V CZE/GER Stanislav Dietz
79%
71 RW CAN Branden Troock
71%
19 RW / LW CAN/FIN Jake Virtanen
71%
55 V GER Johannes Huss
71%
63 RW GER Manuel Alberg
71%
24 C / RW GER Lennard Nieleck
64%
Keine übereinstimmenden Quizze gefunden
Verteilung der Resultate
Anzahl Personen mit jedem Resultat
Perzentil nach korrekt beantworteten Fragen
Ihre Resultats-Entwicklung
Sie haben dieses Quiz seit der letzten Aktualisierung nicht gespielt